Catálogo
 En Linea

Fantasías indíjenas (Registro nro. 33116)

Detalles MARC
000 -CABECERA
campo de control de longitud fija 00893nam a2200229 a 4500
001 - NÚMERO DE CONTROL
campo de control 000033625
003 - IDENTIFICADOR DEL NÚMERO DE CONTROL
campo de control OSt
005 - FECHA Y HORA DE LA ÚLTIMA TRANSACCIÓN
campo de control 20240412074257.0
008 - DATOS DE LONGITUD FIJA--INFORMACIÓN GENERAL
campo de control de longitud fija 110902s1877 dr 000 0 spa d
040 ## - FUENTE DE LA CATALOGACIÓN
Centro catalogador/agencia de origen DO-SdBNP
Lengua de catalogación spa
Centro/agencia transcriptor BNPHU
082 #4 - NÚMERO DE LA CLASIFICACIÓN DECIMAL DEWEY
Número de clasificación RD861.2
Número de documento/Ítem P438f, 1877
Número de edición 22
100 1# - ENTRADA PRINCIPAL--NOMBRE DE PERSONA
Nombre de persona Pérez, José Joaquín,
9 (RLIN) 77614
Fechas asociadas al nombre 1845-1900.
245 10 - MENCIÓN DE TÍTULO
Título Fantasías indíjenas
Mención de responsabilidad, etc. J. J. Perez
246 12 - FORMA VARIANTE DE TÍTULO
Título propio/Titulo breve Fantasías indígenas
260 ## - PUBLICACIÓN, DISTRIBUCIÓN, ETC.
Lugar de publicación, distribución, etc. [Santo Domingo]:
Nombre del editor, distribuidor, etc. [s.n.],
Fecha de publicación, distribución, etc. [1877].
300 ## - DESCRIPCIÓN FÍSICA
Extensión 252 p. ;
Dimensiones 18 cm.
500 ## - NOTA GENERAL
Nota general Dedicatoria a la eminente poetisa dominicana señorita Salomé Ureña, en testimonio de admiración i simpatía; y a mi mui querido maestro el ilustrado Presbítero Fernando Arturo de Meriño, en prenda de inalterable gratitud.
650 #4 - PUNTO DE ACCESO ADICIONAL DE MATERIA--TÉRMINO DE MATERIA
Término de materia o nombre geográfico como elemento de entrada Poesía dominicana
9 (RLIN) 77615
650 #0 - PUNTO DE ACCESO ADICIONAL DE MATERIA--TÉRMINO DE MATERIA
Término de materia o nombre geográfico como elemento de entrada Literatura dominicana.
9 (RLIN) 67
910 ## - DATOS DE OPCIÓN DEL USUARIO (OCLC)
Datos de opción del usuario Validado. Control de calidad MFF
942 ## - ELEMENTOS DE PUNTO DE ACCESO ADICIONAL (KOHA)
Fuente del sistema de clasificación o colocación Dewey Decimal Classification
Tipo de ítem Koha Libro
Existencias
Estado de retiro Estado de pérdida Fuente del sistema de clasificación o colocación Restricciones de uso No para préstamo Código de colección Localización permanente Ubicación/localización actual Ubicación en estantería Fecha de adquisición Total de préstamos Signatura topográfica completa Código de barras Fecha visto por última vez Precio válido a partir de Tipo de ítem Koha Nota pública
    Dewey Decimal Classification Préstamo restringido   Patrimonio Dominicano Biblioteca Nacional Pedro Henríquez Ureña Biblioteca Nacional Pedro Henríquez Ureña Depósito 02.09.2011   BNPHU PD-RV RD861.2 P438f 1877 33625-10 25.06.2020 25.06.2020 Libro Perteneció a la biblioteca personal de Carlos Larrazábal Blanco.

Con tecnología Koha